Genogramas en la evaluación familiar.

Gespeichert in:
Bibliographische Detailangaben
1. Verfasser: McGoldrick, Mónica
Weitere Verfasser: Gerson, Randy
Format: Unbekannt
Sprache:Englisch
Veröffentlicht: Barcelona, España. Editorial Gedisa, 2000
Schlagworte:
Tags: Tag hinzufügen
Keine Tags, Fügen Sie den ersten Tag hinzu!

MARC

LEADER 00000 a2200000 4500
003 CL-VaPUC
005 20211117074444.0
008 211116b2000 ||||| |||| 00| 0 eng d
999 |c 170213  |d 170211 
020 |a 978-8474324938 
040 |c Pontificia Universidad Católica de Valparaíso 
082 |a 616.89156 MCG 2000 
100 |a McGoldrick, Mónica  |9 228497 
245 |a Genogramas en la evaluación familiar. 
260 |a Barcelona, España.  |b Editorial Gedisa,  |c 2000 
300 |a 95 páginas 
583 |k Sandra Vasquez  |c 20211116 
650 0 |a Terapia familiar  |9 312193 
650 0 |a Genogramas  |9 864597 
650 0 |a Psicoterapia  |9 307258 
700 |a Gerson, Randy  |9 228497 
942 |2 ddc  |c BK 
952 |0 0  |1 0  |2 ddc  |4 0  |6 616_891560000000000_MCG_2000  |7 0  |8 A  |9 143390  |a BIBGIM  |b BIBGIM  |d 2019-11-07  |e 2  |g 28230.00  |i 5565685  |o 616.89156 MCG 2000  |p 5565685  |r 2025-01-15  |t 1  |v 28230.00  |w 2019-11-07  |y BK  |k SSL 
952 |0 0  |1 0  |2 ddc  |4 0  |6 616_891560000000000_MCG_2000  |7 0  |8 A  |9 143391  |a BIBGIM  |b BIBGIM  |d 2019-11-07  |e 2  |g 28230.00  |i 5565715  |l 1  |o 616.89156 MCG 2000  |p 5565715  |r 2025-01-15  |s 2022-08-11  |t 4  |v 28230.00  |w 2019-11-07  |y BK  |k SSL 
952 |0 0  |1 0  |2 ddc  |4 0  |6 616_891560000000000_MCG_2000  |7 0  |8 A  |9 143392  |a BIBGIM  |b BIBGIM  |d 2019-11-07  |e 2  |g 28230.00  |i 5565707  |o 616.89156 MCG 2000  |p 5565707  |r 2025-01-15  |t 3  |v 28230.00  |w 2019-11-07  |y BK  |k SSL 
952 |0 0  |1 0  |2 ddc  |4 0  |6 616_891560000000000_MCG_2000  |7 0  |8 A  |9 143393  |a BIBGIM  |b BIBGIM  |d 2019-11-07  |e 2  |g 28230.00  |i 5565693  |o 616.89156 MCG 2000  |p 5565693  |r 2025-01-15  |t 2  |v 28230.00  |w 2019-11-07  |y BK  |k SSL